| 000 | 00782nam a22002177a 4500 | ||
|---|---|---|---|
| 999 |
_c65154 _d65154 |
||
| 005 | 20240530110810.0 | ||
| 008 | 190115s1999 ua a f 000 0 ara d | ||
| 017 |
_a96/3877 _bمصر. دار الكتب |
||
| 020 | _a9772386534 | ||
| 040 |
_aEG-CaGPL _cEG-CaGPL |
||
| 082 | 0 | 4 |
_221 _a746.4 / _bص م |
| 100 | 0 | _aصديقة يوسف محمود | |
| 245 | 1 | 0 |
_aموسوعة سيدتى الميسرة : _bفن التريكو الصوف / _cاعداد صديقة يوسف محمود ، مراجعة ضحى شيحة |
| 250 | _aط.1 | ||
| 260 |
_aالقاهرة : _bدار الكتاب المصرى، _c1999. |
||
| 300 |
_a30 ص. : _bايض ؛ _c29 سم. |
||
| 650 | 0 | 7 |
_2qrmak _aالتريكو |
| 651 | _2qrmak | ||
| 942 |
_2ddc _cBK |
||